| 000 | 00885nam a2200229 a 4500 | ||
|---|---|---|---|
| 001 | 000036871 | ||
| 005 | 20200930080005.0 | ||
| 008 | 120202s1987 mx 000 0 spa d | ||
| 020 | _a9682604907 | ||
| 040 |
_aDO-SdBNP _bspa _cBNPHU |
||
| 041 | 1 | 7 |
_aspa _heng |
| 100 | 1 |
_aFisher, Roger _963237 |
|
| 245 | 1 | 0 |
_aObtenga el sí : _bel arte de negociar sin ceder / _cRoger Fisher, William Ury ; editor Bruce Patton ; traducido por Gerardo de Alba Guerra. |
| 260 |
_aMéxico : _bCompañía Editorial Continental, _c1987. |
||
| 300 |
_a166 p. ; _c20 cm. |
||
| 526 | 0 | _aProyecto de Investigación sobre Negociación de Harvard | |
| 534 |
_pTít. original en inglés: _tGetting to yes : negotiating agreement without giving in |
||
| 650 | 2 | 4 |
_aNegociación _963238 |
| 700 | 1 |
_aUry, William _963239 |
|
| 700 | 1 |
_aPatton, Bruce, _eed. _963240 |
|
| 700 | 1 |
_aAlba Guerra, Gerardo de, _etrad. _963241 |
|
| 999 |
_c36362 _d36362 |
||